Percepción de la salud segun sexo y edad /

Con este trabajo, pretendemos elaborar un diagnóstico de la salud de hombres y mujeres del barrio de Casablanca (Zaragoza). Aunque por lo general, la sociedad española se siente sana, las mujeres sufren más complicaciones de salud, bien sea, por diferencias biológicas o por características culturale...

Cur síos iomlán

Sábháilte in:
Sonraí bibleagrafaíochta
Príomhchruthaitheoir: Gil-Lacruz, Marta
Rannpháirtithe: Gil-Lacruz, Ana Isabel
Formáid: Téacs
Ábhair:
Clibeanna: Cuir clib leis
Níl clibeanna ann, Bí ar an gcéad duine le clib a chur leis an taifead seo!

MARC

LEADER 00000 a a2200000 04500
001 14595
003
040
100 |a Gil-Lacruz, Marta  
245 |a Percepción de la salud segun sexo y edad /  |c Marta Gil-Lacruz 
520 |a Con este trabajo, pretendemos elaborar un diagnóstico de la salud de hombres y mujeres del barrio de Casablanca (Zaragoza). Aunque por lo general, la sociedad española se siente sana, las mujeres sufren más complicaciones de salud, bien sea, por diferencias biológicas o por características culturales. La aplicación empírica se ha llevado a cabo mediante una encuesta en un barrio zaragozano (1032 personas mayores de 14 años)  
650 |a SALUD  
650 |a SEXO  
650 |a EDAD  
650 |a ESTADISTICAS DE SALUD  
650 |a DIAGNOSTICO  
650 |a ESPAÑA  
700 |a Gil-Lacruz, Ana Isabel  
773 |g número 117 -118; páginas 183-195  
999 |c 24946  |d 24946 
773 0 |0 18728  |9 3026  |a Universidad de Costa Rica  |d San José, Costa Rica Editorial UCR 1956-  |o 06546  |t Revista de Ciencias Sociales/  |x 04825276